[Event "Druzynowe Mistrzostwa Polski Juniorow - I Liga"]
[Site "Ustron"]
[Date "2011-06-30"]
[Round "6.29"]
[White "Grochocinska, Urszula"]
[Black "Gorbacz, Dominika"]
[Result "1/2-1/2"]
[WhiteTitle "I+"]
[BlackTitle "II+"]
[WhiteElo "1790"]
[BlackElo "1620"]

1. e4 e5 2. Nf3 Nc6 3. Bb5 a6 4. Bxc6 dxc6 5. O-O Bg4 6. h3 Bxf3 7. Qxf3 Qf6 8.
Qxf6 Nxf6 9. d3 O-O-O 10. Nd2 Nd7 11. Nc4 f6 12. Ne3 Bc5 13. Bd2 Nf8 14. Nf5 Ne6
15. Be3 Bxe3 16. fxe3 Rd7 17. Rad1 Rhd8 18. Rf2 Ng5 19. Ng3 c5 20. Rfd2 b5 21.
c3 c4 22. d4 exd4 23. exd4 Re8 24. Re2 Nf7 25. a4 Kb7 26. axb5 axb5 27. Ra1 Nd6
28. e5 fxe5 29. dxe5 Nc8 30. Rae1 Kc6 31. e6 Rd5 32. Rf1 Nd6 33. Re3 Rd3 34. Rfe1
Rxe3 35. Rxe3 g6 36. Ne2 Nf5 37. Re5 Kb6 38. Nf4 c6 39. g4 Ng7 40. Kf2 Kc7 41.
Re4 g5 42. Nh5 Nxh5 43. gxh5 Kd6 44. h4 gxh4 45. Rxh4 Rxe6 46. Rd4+ Kc7 47. Kf3
Re5 48. Rh4 Rg5 49. Rh2 Kb6 50. h6 Ka5 51. Kf4 Rg6 52. Ke5 Ka4 53. Kd4 Rg5 54.
Rf2 Rd5+ 55. Ke4 Kb3 56. Rh2 Rd6 57. Ke5 Rd1 58. Kf6 Rg1 59. Ke5 c5 60. Kd5 Rg5+
61. Kc6 b4 62. Kb5 bxc3 63. bxc3 Kxc3 64. Rh4 Kd3 65. Rh3+ Ke4 66. Kxc4 Kf5 67.
Rd3 Kg6 68. Rd6+ Kh5 69. Rc6 Rg6 70. Rxg6 Kxg6 71. Kxc5 Kxh6 72. Kd4 Kg5 73. Ke3
Kg4 74. Kf2 Kh3 75. Kg1 1/2-1/2

[Event "Druzynowe Mistrzostwa Polski Juniorow - I Liga"]
[Site "Ustron"]
[Date "2011-06-30"]
[Round "6.30"]
[White "Rudnik, Anna"]
[Black "Dwilewicz, Katarzyna"]
[Result "1/2-1/2"]
[WhiteTitle "II+"]
[BlackTitle "I"]
[WhiteElo "1594"]
[BlackElo "1599"]

1. e4 c5 2. Nf3 e6 3. d4 cxd4 4. Nxd4 Nc6 5. Nc3 a6 6. Be3 Qc7 7. Bd3 Nf6 8. O-O
Be7 9. f4 d6 10. a4 Na5 11. Nf3 O-O 12. e5 dxe5 13. Nxe5 Bd6 14. Ng4 Nxg4 15.
Qxg4 f5 16. Qh4 Rf6 17. Rf3 Rh6 18. Qf2 Nc4 19. Bc1 Bc5 20. Be3 Nxe3 21. Rxe3
Bxe3 22. Qxe3 Bd7 23. Ne2 Re8 24. b3 Kh8 25. Re1 Rg6 26. Nd4 Qb8 27. Nf3 Bc6 28.
Re2 Bxf3 29. Qxf3 Qc8 30. Re5 Qd7 31. Qe3 Qc6 32. Qe2 Rf6 33. Qe3 Ref8 34. Bc4
Rg6 35. Qd2 Qb6+ 36. Kh1 Rd8 37. Bd3 Qc6 38. Qf2 h6 39. Re2 Rg4 40. h3 Rg6 41.
Re5 Rd5 42. Re1 Kh7 43. Kh2 b5 44. axb5 axb5 45. Qf3 Qd6 46. Rf1 Rc5 47. Rd1 Qc7
48. Rf1 Rf6 49. Kh1 Kg8 50. Qh5 Qb8 51. Qh4 Rd5 52. Qg3 Kh7 53. Qe3 Qb7 54. Be2
Qd7 55. Bd3 Qd6 56. Qd2 Rd4 57. Qe3 Rb4 58. Qd2 Kh8 59. Qe3 Rg6 60. Rf3 Qd5 61.
Qd2 Qd6 62. Qe3 Rf6 63. Qd2 Rf8 64. Rf1 Rd8 65. Qe3 Kg8 66. Qc1 Rc8 67. Qe3 Rd8
68. Qc1 Kf7 69. Qe3 Rd7 70. Qc1 Qc7 71. Rf3 Rxb3 72. Qf1 Rb4 73. Bxb5 Qxc2 74.
Bxd7 Rb1 75. Bxe6+ Kf6 76. Bc4 Rxf1+ 77. Bxf1 g5 78. fxg5+ hxg5 79. Bd3 Qd1+ 80.
Kh2 f4 81. h4 gxh4 82. Rxf4+ Ke5 83. Rf3 Qe1 84. Bf5 Kd6 85. Rd3+ Ke5 86. Rf3
Kd6 87. Rd3+ Kc5 88. Rf3 Kc4 89. Rf4+ Kc3 90. Rf3+ Kd2 91. Bg4 Qe5+ 92. Kh1 Qb2
93. Kh2 Qg7 94. Bf5 Qe5+ 95. Kh1 Ke2 96. Bd3+ Kd2 97. Bf5 Qe1+ 98. Kh2 Qe5+ 99.
Kh1 Ke1 100. Bg4 Qg5 101. Bh3 Ke2 102. Bf5 Qc1+ 103. Kh2 Qc7+ 104. Kh1 Qe5 105.
Bg4 Kd2 106. Rf2+ Kc3 107. Rf3+ Kd4 108. Bf5 Qe1+ 109. Kh2 Qe5+ 110. Kh1 1/2-1/2